000
00283nam a2200121Ia 4500
008
190216s9999||||xx |||||||||||||| ||und||
100
_a
Joseph F Bradley
245
0
_a
Fundamentals Of Corporation Finance
260
_b
Null
_c
1957
300
_a
583p
650
_a
Commerce
942
_c
BK
999
_c
4531
_d
4531